Testimonio de la novela argentina /

Guardado en:
Autor Principal: Ghiano, Juan C.
Formato: Libro
Publicado: Buenos Aires : Leviatan, 1956
Materias:
Etiquetas: Agregar Etiqueta
Sin Etiquetas, Sea el primero en etiquetar este registro!
LEADER 00548nam a22001815a 4500
001 EHU.bham024993
003 AR-BHAM
005 20130508104535.0
008 130507s1956##################000#0#####d
082 A 8 |a 863.407 
100 1 |a Ghiano, Juan C. 
245 1 0 |a Testimonio de la novela argentina /  |c Juan C. Ghiano 
260 |a Buenos Aires :  |b Leviatan,  |c 1956 
300 |a 184 p. 
653 |a Donacion lejarraga 
653 |a Literatura argentina 
653 |a Novela argentina-ensayos 
859 |a AR-BHAM  |b BIB. HUMANIDADES - General  |h A863.407  |i G344  |k A  |p 724.02  |t Ej.1